| 000 -LEADER |
| fixed length control field |
01867nam a22005537a 4500 |
| 001 - CONTROL NUMBER |
| control field |
4864095 |
| 003 - CONTROL NUMBER IDENTIFIER |
| control field |
LIBRIS |
| 005 - DATE AND TIME OF LATEST TRANSACTION |
| control field |
20210426113455.0 |
| 008 - FIXED-LENGTH DATA ELEMENTS--GENERAL INFORMATION |
| fixed length control field |
011211s1998 xxu 000 0 eng c |
| 020 ## - INTERNATIONAL STANDARD BOOK NUMBER |
| International Standard Book Number |
0375502068 |
| 040 ## - CATALOGING SOURCE |
| Original cataloging agency |
S |
| Language of cataloging |
eng |
| Transcribing agency |
DLC |
| 041 ## - LANGUAGE CODE |
| Language code of text/sound track or separate title |
eng |
| 080 ## - UNIVERSAL DECIMAL CLASSIFICATION NUMBER |
| Universal Decimal Classification number |
008 |
| Item number |
B-96 |
| 082 ## - DEWEY DECIMAL CLASSIFICATION NUMBER |
| Classification number |
941 |
| Edition number |
21 |
| 082 ## - DEWEY DECIMAL CLASSIFICATION NUMBER |
| Classification number |
941 |
| Edition number |
21 |
| 084 ## - OTHER CLASSIFICATION NUMBER |
| Classification number |
Kt-a.4 |
| Number source |
kssb/6 |
| 084 ## - OTHER CLASSIFICATION NUMBER |
| Classification number |
Kt-e.4 |
| Number source |
kssb/6 |
| 084 ## - OTHER CLASSIFICATION NUMBER |
| Classification number |
Ka |
| 084 ## - OTHER CLASSIFICATION NUMBER |
| Classification number |
Kt-a.4 |
| Number source |
kssb/6 |
| 084 ## - OTHER CLASSIFICATION NUMBER |
| Classification number |
Kt-e.4 |
| Number source |
kssb/6 |
| 084 ## - OTHER CLASSIFICATION NUMBER |
| Classification number |
Ka |
| 100 1# - MAIN ENTRY--PERSONAL NAME |
| Personal name |
Buruma, Ian |
| Authority record control number or standard number |
310331 |
| 245 00 - TITLE STATEMENT |
| Title |
Anglomania : |
| Remainder of title |
a European love affair / |
| Statement of responsibility, etc. |
/ by: Random House |
| 250 ## - EDITION STATEMENT |
| Edition statement |
1st. U.S. edition |
| 260 ## - PUBLICATION, DISTRIBUTION, ETC. |
| Place of publication, distribution, etc. |
New York |
| Name of publisher, distributor, etc. |
Random House |
| Date of publication, distribution, etc. |
1999, cop. 1998 |
| 300 ## - PHYSICAL DESCRIPTION |
| Extent |
xii, 304 p. |
| 365 ## - TRADE PRICE |
| Price amount |
25.95 usd |
| 500 ## - GENERAL NOTE |
| General note |
Tidigare utg. med titeln: Voltaire's coconuts, or, Anglomania in Europe, London: Weidenfeld & Nicolson, 1998 |
| 650 #0 - SUBJECT ADDED ENTRY--TOPICAL TERM |
| Topical term or geographic name entry element |
National characteristics, British |
| General subdivision |
Foreign public opinion, European |
| 650 #0 - SUBJECT ADDED ENTRY--TOPICAL TERM |
| Topical term or geographic name entry element |
Culture |
| 9 (RLIN) |
493 |
| 650 #0 - SUBJECT ADDED ENTRY--TOPICAL TERM |
| Topical term or geographic name entry element |
Europeans |
| General subdivision |
Travel |
| Geographic subdivision |
Great Britain |
| General subdivision |
History |
| 650 #4 - SUBJECT ADDED ENTRY--TOPICAL TERM |
| Topical term or geographic name entry element |
Anglofili |
| General subdivision |
intellektuella |
| Geographic subdivision |
Europa |
| 650 #4 - SUBJECT ADDED ENTRY--TOPICAL TERM |
| Topical term or geographic name entry element |
Anglofili |
| General subdivision |
intellektuella |
| Geographic subdivision |
Europa |
| 651 #0 - SUBJECT ADDED ENTRY--GEOGRAPHIC NAME |
| Geographic name |
Great Britain |
| General subdivision |
Foreign public opinion, European |
| 651 #0 - SUBJECT ADDED ENTRY--GEOGRAPHIC NAME |
| Geographic name |
Great Britain |
| General subdivision |
Civilization |
| -- |
European influences |
| 651 #0 - SUBJECT ADDED ENTRY--GEOGRAPHIC NAME |
| Geographic name |
Europe |
| General subdivision |
Civilization |
| -- |
British influences |
| 651 #0 - SUBJECT ADDED ENTRY--GEOGRAPHIC NAME |
| Geographic name |
Great Britain |
| General subdivision |
Relations |
| Geographic subdivision |
Europe |
| 651 #0 - SUBJECT ADDED ENTRY--GEOGRAPHIC NAME |
| Geographic name |
Europe |
| General subdivision |
Relations |
| Geographic subdivision |
Great Britain |
| 653 ## - INDEX TERM--UNCONTROLLED |
| Uncontrolled term |
კულტურა |
| 653 ## - INDEX TERM--UNCONTROLLED |
| Uncontrolled term |
ცივილიზაცია |
| 740 0# - ADDED ENTRY--UNCONTROLLED RELATED/ANALYTICAL TITLE |
| Uncontrolled related/analytical title |
Voltaire's coconuts, or, Anglomania in Europe |
| 942 ## - ADDED ENTRY ELEMENTS (KOHA) |
| Source of classification or shelving scheme |
|
| Koha item type |
Books |
| Edition |
1 |